00630nam a22002177a 450000500170000001000130001702000230003003500130005303700170006604000120008308200160009510000230011124500560013425000130019026000600020327000470026330000320031050000190034265000300036165000210039120170124110054.0 aA-999346 c325.00a8120316029 aA-999346 bCen Lib/ Ret aDPLbEN a658.15bHOR aHorne, James C.Van aFinancial management policy /cby James C.Van Horne a11th ed. bPrentice Hall Of India Private Limitedc2000aNew Delhi aM-97, Connaught Circus bNew Delhie110001 axix,780p. :c26cm(Hb)bill. aIncludes index aWorking Capitl Management aMarket financing